Every Song by Heatmiser - Statistics

General Stats
  • This quiz has been taken 2 times
  • The average score is 7 of 58
Answer Stats
Album Song % Correct
Mic City Sons(1996) Get Lucky
100%
The Music of Heatmiser(1992) Bloody Knuckles
50%
Dead Air(1993) Can't Be Touched
50%
Dead Air(1993) Dead Air
50%
Dead Air(1993) Dirt
50%
Everybody Has It B/W Dirty Dream(1996) Dirty Dream
50%
Mic City Sons(1996) Eagle Eye
50%
Everybody Has It B/W Dirty Dream(1996) Everybody Has It
50%
Mic City Sons(Hidden)(1996) Half Right
50%
Mic City Sons(1996) Plainclothes Man
50%
Mic City Sons(1996) Rest My Head Against the Wall
50%
Mic City Sons(1996) See You Later
50%
Mic City Sons(1996) The Fix Is In
50%
Cop and Speeder(1994) Antonio Carlos Jobim
0%
Cop and Speeder(1994) Bastard John
0%
The Music of Heatmiser(1992) Black Out
0%
Dead Air(1993) Blackout
0%
Mic City Sons(1996) Blue Highway
0%
Dead Air(1993) Bottle Rocket
0%
Dead Air(1993) Buick
0%
Cop and Speeder(1994) Busted Lip
0%
Dead Air(1993) Candyland
0%
Dead Air(1993) Cannibal
0%
Cop and Speeder(1994) Collect to NYC
0%
Mic City Sons(1996) Cruel Reminder
0%
Cop and Speeder(1994) Disappearing Ink
0%
The Music of Heatmiser(1992) Just a Little Prick
0%
Dead Air(1993) Don't Look Down
0%
The Music of Heatmiser(1992) Father Song
0%
Cop and Speeder(1994) Flame!
0%
Yellow No. 5(1994) Fortune 500
0%
The Music of Heatmiser(1992) Glamourine
0%
Cop and Speeder(1994) Hitting on the Waiter
0%
Yellow No. 5(1994) Idler
0%
Cop and Speeder(1994) It's Not a Prop
0%
Yellow No. 5(1994) Junior Mint
0%
The Music of Heatmiser(1992) Laying Low
0%
Mic City Sons(1996) Low-Flying Jets
0%
Dead Air(1993) Lowlife
0%
The Music of Heatmiser(1992) Man Camp
0%
The Music of Heatmiser(1992) Meatline
0%
The Music of Heatmiser(1992) Mightier Than You
0%
The Music of Heatmiser(1992) Mock Up
0%
Dead Air(1993) Mock-Up
0%
Cop and Speeder(1994) Nightcap
0%
Mic City Sons(1996) Pop in G
0%
The Music of Heatmiser(1992) Revolution
0%
Dead Air(1993) Sands Hotel
0%
Cop and Speeder(1994) Sleeping Pill
0%
Cop and Speeder(1994) Something to Lose
0%
Dead Air(1993) Still
0%
Dead Air(1993) Stray
0%
Cop and Speeder(1994) Temper
0%
Yellow No. 5(1994) The Corner Seat
0%
Cop and Speeder(1994) Trap Door
0%
Yellow No. 5(1994) Wake
0%
Cop and Speeder(1994) Why Did I Decide to Stay?
0%
Mic City Sons(1996) You Gotta Move
0%
No matching quizzes found
Score Distribution
Percent of People with Each Score
Percentile by Number Answered
Your Score History
You have not taken this quiz